| 000 | 00526nam a2200169 i 4500 | ||
|---|---|---|---|
| 001 | 118945 | ||
| 003 | ES-MaACL | ||
| 005 | 20250828063252.0 | ||
| 007 | t| | ||
| 008 | 070214s1905 sp r ||||1| spa d | ||
| 100 | 1 |
_aPérez Díaz, Pedro, _d1865-1930 _990832 |
|
| 245 | 1 | 0 |
_aSuspensión de Ayuntamientos _b: interpretación del art. 189 de la Ley Municipal / _cPedro Pérez Díaz. |
| 260 |
_aMadrid : _b[s.n.], _c1905. |
||
| 300 |
_a31 p. ; _c21 cm. |
||
| 852 |
_aES-MaACL _jT-1032-F-11 |
||
| 999 |
_c118945 _d118945 |
||